Thiết kế bài giảng sinh học nâng cao 10

Sparad:
Bibliografiska uppgifter
Huvudupphovsman: Bùi, Văn Sâm
Övriga upphovsmän: Phạm, Thị My
Materialtyp: Bok
Språk:Undetermined
Publicerad: H. Giáo dục 2006
Ämnen:
Länkar:http://lrc.tdmu.edu.vn/opac/search/detail.asp?aID=2&ID=5253
Taggar: Lägg till en tagg
Inga taggar, Lägg till första taggen!
Thư viện lưu trữ: Trung tâm Học liệu Trường Đại học Thủ Dầu Một
LEADER 00673nam a2200205Ia 4500
001 TDMU_5253
008 210410s9999 xx 000 0 und d
082 |a 570.72 
090 |b B510 
100 |a Bùi, Văn Sâm 
245 0 |a Thiết kế bài giảng sinh học nâng cao 10 
245 0 |c Bùi Văn Sâm 
260 |a H. 
260 |b Giáo dục 
260 |c 2006 
300 |a 232tr 
650 |a Sách lớp 10  |v Thiết kế bài giảng; Sinh học  |x Dạy và học 
700 |a Phạm, Thị My 
856 |u http://lrc.tdmu.edu.vn/opac/search/detail.asp?aID=2&ID=5253 
980 |a Trung tâm Học liệu Trường Đại học Thủ Dầu Một